A Nemzeti Kulturális Alap tevékenységének elemzése a számviteli és a pénzügyi információk alapján

Bibliographic Details
Main Author: Szamosi Gábor
Other Authors: Hegedűs Dr. Szilárd
Format: Project work
Kulcsszavak:nka
államháztartás
költségvetési beszámoló
Online Access:http://dolgozattar.uni-bge.hu/13973

MARC

LEADER 00000nnm a2200000 i 4500
001 dolg13973
005 20171213161411.0
008 171213suuuu hu o 000 hun d
040 |a BGE Dolgozattár Repozitórium  |b hun 
041 |a hu 
100 1 |a Szamosi Gábor 
245 1 2 |a A Nemzeti Kulturális Alap tevékenységének elemzése a számviteli és a pénzügyi információk alapján  |c Szamosi Gábor  |h [elektronikus dokumentum] 
516 |a Project_work 
695 |a nka 
695 |a államháztartás 
695 |a költségvetési beszámoló 
700 1 |a Hegedűs Dr. Szilárd  |e ths 
856 4 0 |u http://dolgozattar.uni-bge.hu/13973/1/Szamosi%20G%C3%A1bor%20Z%C3%A1r%C3%B3dolgozat.pdf  |z Dokumentum-elérés 
856 4 0 |u http://dolgozattar.uni-bge.hu/13973/2/Titkos%C3%ADt%C3%A1si%20k%C3%A9relem%20Szamosi%20G%C3%A1bor.pdf  |z Dokumentum-elérés